Astérix a Vikingovia asi veľa nezarobia, ale zato potešia

Bibliographic Details
Main Author: Ščepka, Miloš, 1963- (Author)
Format: Article
Language:Slovak
PhysicalDescription:Fotogr.
ISSN:1335-440X
Subjects:

MARC

LEADER 00000nab a2200000 ar4500
001 vtls008886834
003 SK-MaSNL
005 20260303213537.0
008 061130c20061028xo dr|p|||||||000 b|slo
015 |a SNBRB2006/11  |2 snkbucl 
038 |a SNKBUCL 
040 |a SNKBUCL  |b slo  |c SNKBUCL  |e AACR2 
041 0 |a slo 
044 |a xo  |c SK 
080 |a 791.43(44)  |2 UDC-MRF-SK2 
100 1 |a Ščepka, Miloš,  |d 1963-  |4 aut  |9 237244 
245 1 0 |a Astérix a Vikingovia asi veľa nezarobia, ale zato potešia  |c Miloš Ščepka 
300 |b Fotogr. 
630 0 7 |a Astérix a Vikingovia (film)  |2 snkbucl  |9 1247575 
655 7 |a recenzie  |2 snkbucl  |9 21907 
773 0 |t Sme. Práca  |g Roč. 15, č. 249 (28.10.2006), s. 15  |x 1335-440X 
852 |a SNK  |b KIS3GCP 
958 |a RC 
958 |a FR 
999 |c 2212621  |d 2214551